书目信息 |
| 题名: |
电磁波屏蔽及吸波材料
|
|
| 作者: | 刘顺华 , 刘军民 , 董星龙 编著 | |
| 分册: | ||
| 出版信息: | 北京 化学工业出版社 2007.01 |
|
| 页数: | 453页 | |
| 开本: | 21cm | |
| 丛书名: | ||
| 单 册: | ||
| 中图分类: | O441.4 | |
| 科图分类: | ||
| 主题词: | 电磁波--dian ci bo--吸收--材料 , 电磁波--dian ci bo--屏蔽 | |
| 电子资源: | ||
| ISBN: | 7-5025-9341-1 | |
| 000 | 01039nam0 2200277 450 | |
| 001 | 012007465238 | |
| 005 | 20071226134537.00 | |
| 010 | @a7-5025-9341-1@dCNY38.00 | |
| 100 | @a20071226d2007 km y0chiy0120 ea | |
| 101 | 0 | @achi |
| 102 | @aCN@b110000 | |
| 105 | @ay a 000yy | |
| 106 | @ar | |
| 200 | 1 | @a电磁波屏蔽及吸波材料@Adian ci bo ping bi ji xi bo cai liao@f刘顺华, 刘军民, 董星龙等编著@Fliu shun hua,liu jun min,dong xing long deng bian zhu |
| 210 | @a北京@c化学工业出版社@d2007.01 | |
| 215 | @a453页@d21cm | |
| 320 | @a有书目 (第452-453页)。 | |
| 330 | @a本书介绍了电磁波的危害以及各种防护的方法。本书各章节着重介绍了电磁波对人体以及对工业设备的军用设施的危害,各种防护装置的设计、制造以及其在军事和民用等的应用。 | |
| 606 | 0 | @a电磁波@Adian ci bo@x吸收@x材料 |
| 606 | 0 | @a电磁波@Adian ci bo@x屏蔽 |
| 690 | @aO441.4@v4 | |
| 701 | 0 | @a刘顺华@Aliu shun hua@4编著 |
| 701 | 0 | @a刘军民@Aliu jun min@4编著 |
| 701 | 0 | @a董星龙@Adong xing long@4编著 |
| 801 | 0 | @aCN@bQSSK@c20071226 |
| 905 | @b271757-58@dO441.4@eL672@f2 | |
| 电磁波屏蔽及吸波材料/刘顺华, 刘军民, 董星龙等编著.-北京:化学工业出版社,2007.01 |
| 453页;21cm |
| ISBN 7-5025-9341-1:CNY38.00 |
| 本书介绍了电磁波的危害以及各种防护的方法。本书各章节着重介绍了电磁波对人体以及对工业设备的军用设施的危害,各种防护装置的设计、制造以及其在军事和民用等的应用。 |
| ● |
| 相关链接 |
|
|
|
正题名:电磁波屏蔽及吸波材料
索取号:O441.4/L672
 
预约/预借
| 序号 | 登录号 | 条形码 | 馆藏地/架位号 | 状态 | 备注 |
| 1 | 271757 | 202717578 | 自科库401/401自科库 58排5列5层/ [索取号:O441.4/L672] | 在馆 | |
| 2 | 271758 | 202717587 | 自科库401/401自科库 58排5列5层/ [索取号:O441.4/L672] | 在馆 |